000 00539nam a2200181Ia 4500
008 090124s9999 xx 000 0 und d
082 _b18637
_a6139
100 _aकाणेकर अनंत
245 _a सावल्यांची राई
250 _a1
260 _c1972
300 _a24+443
600 _aकाणेकर अनंत
630 _a सावल्यांची राई
700 _aकाणेकर अनंत
730 _a सावल्यांची राई
942 _cBOOK
999 _c132578
_d132578